00412nam a2200121 a 450000100100000000500170001000800410002704000250006824500430009326000320013695201050016899900170027300001355720200929163253.0091125s1965 ag 000 0 spa d aDO-SdBNPbspacBNPHU00aColeccion de programas variados No. 2. aArgentina :bVerdad,c1965. 001050718MOaGRbGRcHDd2009-11-25iLF1l0o p13557-10r2020-06-25w2020-06-25y1ZNo se presta c13179d13179